000 01128nam0a2200337 4500
001 RU\NLR\BIBL_A\012102544
005 20191014101242.0
010 _a978-5-90522-613-7
021 _aRU
_bКН-П-19-063110
_9КН-П-19-4527
035 _a(NLR Aleph) 012102544
035 _a(RuMoRGB)010075183
090 _a11914232
_c11914232
100 _a20190926d2019 u y0rusy50 ca
101 0 _arus
102 _aRU
105 _aa|||zzzz0||gy
200 1 _a108
_eстихи
_fБен Соленджер
210 _aНижний Новгород
_cДятловы горы
_d2019
215 _a131 с.
_cцв. ил.
_d21
300 _aНа обл. подзаг.: сборник стихотворений
300 _aНа 4-й с. обл. авт.: Бен Соленджер - псевд.
517 1 _aСто восемь
686 2 _aШ6(2=Р)8-5
700 1 _aСоленджер
_bБ.
_fБен
_3RU\NLR\AUTH\770211560
942 _cBOOK
980 _aNBR
980 _aNB